المعتصم / (رقم التسجيلة. 31963)

تفاصيل مارك
000 -LEADER
fixed length control field 00598nam a22001937a 4500
005 - DATE AND TIME OF LATEST TRANSACTION
control field 20251108165819.0
008 - FIXED-LENGTH DATA ELEMENTS--GENERAL INFORMATION
fixed length control field 250721s9999 xx 000 0 ara d
082 14 - DEWEY DECIMAL CLASSIFICATION NUMBER
Classification number ط/923.1/كما
100 1# - MAIN ENTRY--PERSONAL NAME
Personal name كمال، محمد
245 10 - TITLE STATEMENT
Title المعتصم /
264 1# - PRODUCTION, PUBLICATION, DISTRIBUTION, MANUFACTURE, AND COPYRIGHT NOTICE
Place of production, publication, distribution, manufacture حلب :
Name of producer, publisher, distributor, manufacturer دار ربيع للنشر،
Date of production, publication, distribution, manufacture, or copyright notice [19-].
300 ## - PHYSICAL DESCRIPTION
Extent 16ص
490 0# - SERIES STATEMENT
Series statement شمس الهدى و الإيمان : أعلام الخلفاء ؛ 15
650 17 - SUBJECT ADDED ENTRY--TOPICAL TERM
Topical term or geographic name as entry element التراجم
653 ## - INDEX TERM--UNCONTROLLED
Uncontrolled term اطفال مرحلة متسطة (6-9)سنوات
700 1# - ADDED ENTRY--PERSONAL NAME
Personal name حاضري، بدر الدين
942 ## - ADDED ENTRY ELEMENTS (KOHA)
Source of classification or shelving scheme Dewey Decimal Classification
Koha item type كتب
المقتنيات
حالة السحب حالة الفقدان مصدر التصنيف حالة التلف غير قابل للإعارة المكتبة الرئيسية المكتبة الحالية موقع الرف تاريخ التزويد الرقم المتسلسل Total Checkouts رقم الإستدعاء تاريخ آخر ظهور تاريخ الفاتورة نوع المادة (كوها) الباركود
    Dewey Decimal Classification     مكتبة قتيبة للأطفال مكتبة قتيبة للأطفال الأطفال 09/11/2017 166609   ط/923.1/كما 28/07/2025 09/11/2017 كتب PLD00409991
    Dewey Decimal Classification Unchecked   مكتبة أم قصير والمقابلين العامة مكتبة أم قصير والمقابلين العامة الأطفال 06/07/2004 4226   ط/923.1/كما 28/07/2025 06/07/2004 كتب  
    Dewey Decimal Classification     مكتبة الأميرة سلمى مكتبة الأميرة سلمى الإعارة 28/07/2025 567435   ط/923.1/كما 28/07/2025 28/07/2025 كتب 567435
    Dewey Decimal Classification Unchecked   مكتبة الاميرة بديعة مكتبة الاميرة بديعة الأطفال 06/07/2004 1740   ط/923.1/كما 28/07/2025 06/07/2004 كتب  
    Dewey Decimal Classification     مكتبة الاميرة بديعة مكتبة الاميرة بديعة الأطفال 06/07/2015 [2647]..   ط/923.1/كما 28/07/2025 06/07/2015 كتب PLD00336621
    Dewey Decimal Classification     مكتبة الجويدة مكتبة الجويدة الأطفال 29/04/2015 ]2717[   ط/923.1/كما 28/07/2025 29/04/2015 كتب PLD00321829
    Dewey Decimal Classification     مكتبة النصر العامة مكتبة النصر العامة الأطفال 23/04/2015 [ 4625 ]]   ط/923.1/كما 28/07/2025 23/04/2015 كتب PLD00385656
    Dewey Decimal Classification     مكتبة النصر العامة مكتبة النصر العامة الأطفال 16/05/2015 [ 5637 ]   ط/923.1/كما 28/07/2025 16/05/2015 كتب PLD00388892
    Dewey Decimal Classification     مكتبة صويلح العامة مكتبة صويلح العامة الأطفال 26/07/2019 006711   ط/923.1/كما 28/07/2025 26/07/2019 كتب PLD00459615
    Dewey Decimal Classification     مكتبة صويلح العامة مكتبة صويلح العامة الأطفال 26/07/2019 005483   ط/923.1/كما 28/07/2025 26/07/2019 كتب PLD00459616
    Dewey Decimal Classification     مكتبة مؤتة مكتبة مؤتة الإعارة 08/06/2014 ( 116 )   ط/923.1/كما 28/07/2025 08/06/2014 كتب PLD00326475
    Dewey Decimal Classification     مكتبة وادي السير العامة مكتبة وادي السير العامة الأطفال 27/08/2015 [2432]..   ط/923.1/كما 28/07/2025 27/08/2015 كتب PLD00343262
    Dewey Decimal Classification     مكتبة وادي السير العامة مكتبة وادي السير العامة الأطفال 03/09/2015 [3109]   ط/923.1/كما 28/07/2025 03/09/2015 كتب PLD00344315
Implemented & Customized by: BBB with SCIT (Smart Chains for Information Technology)

Powered by Koha